Statistics for Pokemon Types

Click here to take the quiz!

General Stats

  • This quiz has been taken 14,123 times
    (14,092 since last reset)
  • The average score is 13 of 17

Answer Stats

Type% Correct
1.Fire
98%
2.Water
98%
3.Grass
91%
8.Dark
78%
5.Electric
78%
4.Rock
77%
6.Ground
76%
10.Flying
73%
17.Normal
71%
7.Steel
70%
12.Ghost
69%
11.Psychic
69%
15Dragon
67%
13.Ice
66%
9.Fighting
64%
16.Bug
60%
14Poison
60%

Score Distribution

Percentile by Number Answered

Percent of People with Each Score

Your Score History

You have not taken this quiz since the last reset